Karim Khan Zand : a history of Iran, 1747-1779 /

Bibliographic Details
Main Author: Perry, John R.
Format: Book
Language:English
Published: Chicago : University of Chicago Press, 1979.
Series:Publications of the Center for Middle Eastern Studies ; no. 12.
Subjects:

MARC

Tag First Indicator Second Indicator Subfields
LEADER 00000pam a2200000 i 4500
001 in00000084667
005 20151008053204.0
008 781121s1979 ilua b 00110 engm
010 |a  78026553  
020 |a 0226660982 :  |c $12.50 
035 |a (OCoLC)04493054 
035 |9 AAH6587AM 
040 |a DLC  |c DLC  |d m.c.  |d TXA  |d UtOrBLW 
043 |a a-ir--- 
049 |a TXAM  |c  1 [1503013]  |c  2 [1420447] 
050 0 0 |a DS295  |b  P47 
082 0 |a 955/.03 
100 1 |a Perry, John R. 
245 1 0 |a Karim Khan Zand :  |b a history of Iran, 1747-1779 /  |c John R. Perry. 
264 1 |a Chicago :  |b University of Chicago Press,  |c 1979. 
300 |a xi, 340 pages :  |b illustrations ;  |c 24 cm. 
336 |a text  |b txt  |2 rdacontent 
337 |a unmediated  |b n  |2 rdamedia 
338 |a volume  |b nc  |2 rdacarrier 
490 1 |a Publications of the Center for Middle Eastern Studies ; no. 12 
500 |a Includes index. 
504 |a Bibliography: pages 317-326. 
600 0 0 |a Karīm Khān Zand,  |c Shah of Iran,  |d -1779. 
651 0 |a Iran  |x History  |y 16th-18th centuries. 
830 0 |a Publications of the Center for Middle Eastern Studies ;  |v no. 12. 
999 |a MARS 
999 f f |s b7437f3a-91a4-3edd-922c-e6b1dafb37a4  |i d73edd40-3ab0-3f6f-9319-25f8661ede49  |t 0 
952 f f |p normal  |a Texas A&M University  |b College Station  |c Sterling C. Evans Library  |d Evans: Library Stacks  |t 0  |e DS295 P47  |h Library of Congress classification  |i unmediated -- volume  |m A14802041318 
998 f f |a DS295 P47  |t 0  |l Evans: Library Stacks